Statistics for Top 10 PSV Eindhoven Starting XI

Click here to take the quiz!

General Stats

  • This quiz has been taken 263 times
  • The average score is 17 of 65

Answer Stats

TeamPlayer% Correct
2014-15, 2015-16, 2017-18, 2018-19Luuk de Jong
77%
2014-15, 2015-16, 2017-18Santiago Arias
69%
2014-15, 2015-16Andrés Guardado
67%
2004-05Park Ji-sung
66%
2017-18, 2018-19Hirving Lozano
57%
2014-15, 2015-16, 2017-18, 2018-19Jeroen Zoet
55%
2004-05, 2005-06Jefferson Farfán
54%
2014-15Memphis Depay
54%
2017-18, 2018-19Steven Bergwijn
51%
2017-18, 2018-19Gastón Pereiro
49%
2004-05, 2005-06Heurelho Gomes
48%
2014-15Georginio Wijnaldum
44%
2004-05, 2005-06Alex
43%
2015-16Héctor Moreno
43%
1999-00, 2000-01, 2002-03, 2004-05Mark van Bommel
43%
1999-00Ruud van Nistelrooy
41%
2004-05, 2005-06Phillip Cocu
39%
2014-15, 2015-16Jeffrey Bruma
38%
2017-18, 2018-19Daniel Schwaab
36%
2014-15Jetro Willems
36%
2017-18Marco van Ginkel
36%
2018-19Angeliño
35%
2018-19Denzel Dumfries
33%
2000-01, 2002-03Mateja Kežman
33%
2004-05Lee Young-pyo
30%
2015-16Jürgen Locadia
29%
2002-03Arjen Robben
28%
2017-18Nicolas Isimat-Mirin
28%
2015-16Davy Pröpper
26%
2015-16, 2017-18, 2018-19Jorrit Hendrix
26%
2015-16, 2017-18Joshua Brenet
26%
2014-15Karim Rekik
26%
2014-15, 2015-16Luciano Narsingh
23%
2018-19Nick Viergever
23%
1991-92Erwin Koeman
22%
2002-03, 2004-05, 2005-06Jan Vennegoor of Hesselink
22%
1999-00, 2000-01, 2002-03, 2004-05, 2005-06André Ooijer
21%
2005-06Arouna Koné
21%
1999-00Luc Nilis
21%
2018-19Pablo Rosario
21%
1999-00, 2000-01, 2002-03Ronald Waterreus
21%
1991-92Hans van Breukelen
19%
1999-00, 2000-01, 2002-03, 2004-05Johann Vogel
19%
2005-06Timmy Simons
19%
1999-00, 2002-03, 2004-05Wilfred Bouma
18%
2014-15Adam Maher
13%
2000-01, 2002-03Dennis Rommedahl
11%
1991-92Berry van Aerle
9%
1999-00, 2000-01Joonas Kolkka
9%
2005-06Jason Culina
8%
1991-92Wim Kieft
8%
1991-92Gheorghe Popescu
6%
1991-92, 1999-00, 2000-01Jan Heintze
6%
2005-06Theo Lucius
6%
1999-00, 2000-01Yuriy Nikiforov
6%
2002-03Kasper Bøgelund
5%
2000-01Kevin Hofland
4%
1991-92Adri van Tiggelen
3%
1999-00, 2000-01Arnold Bruggink
3%
2002-03Ernest Faber
3%
1991-92Kalusha Bwalya
3%
2005-06Michael Lamey
3%
1991-92Juul Ellerman
2%
1991-92Stan Valckx
2%
1991-92Edward Linskens
1%

Score Distribution

Percentile by Number Answered

Percent of People with Each Score

Your Score History

You have not taken this quiz